000 00675nam a22002057a 4500
003 BD-DhJNU
005 20250626064831.0
008 250626b |||||||| |||| 00| 0 eng d
020 _a9847015601218
040 _aBD-DhJNU
_bENG
_cBD-DhJNU
_dBD-DhJNU
082 _223
_a320.95492 BAN
245 _aBangladesh Politics and Governance /
_cedited by Dr. Mokhdum-E-Mulk Mushrafi and Hasibur Rahman
260 _aDhaka :
_bMowla Brothers,
_c2009.
300 _a351 p. :
_b ill ;
_c23 cm
650 _aBangladesh
650 _aPolitics and government
_xBangladesh
700 _aMushrafi, Dr. Mokhdum-E-Mulk
_eeditor
700 _aRahman, Hasibur
_eeditor
942 _2ddc
_cBK
_n0
999 _c1838
_d1838